Normal view MARC view
  • Wood finishing

Entry Topical Term

Number of records used in: 1

001 - CONTROL NUMBER

  • control field: 107426

003 - CONTROL NUMBER IDENTIFIER

  • control field: NUST

005 - DATE AND TIME OF LATEST TRANSACTION

  • control field: 20230123123343.0

008 - FIXED-LENGTH DATA ELEMENTS

  • fixed length control field: 230123|| aca||aabn | a|a d

040 ## - CATALOGING SOURCE

  • Original cataloging agency: NUST
  • Transcribing agency: NUST

150 ## - HEADING--TOPICAL TERM

  • Topical term or geographic name entry element: Wood finishing

670 ## - SOURCE DATA FOUND

  • Source citation: Work cat.: (NUST)190851: Fairham, William 107425, Staining and polishing :, 1918
© 2023 Central Library, National University of Sciences and Technology. All Rights Reserved.